000 00329nam a2200133 i 4500
001 bg
100 1 _aROMANIUK, Kazimierz
245 0 _aIndeksy dynamiki zjawisk ekonomicznych /
_cKazimierz Romaniuk.
260 _aWarszawa,
_c1976.
040 _cBPK
041 _apol
942 _cKS
008 s pl f |000 0 pol
999 _c27463
_d27463
856 _uhttp://koha.tu.koszalin.pl/cgi-bin/koha/opac-detail.pl?biblionumber=27463
_yKatalog online BPK